000 00814nam a2200289 a 4500
001 vtls000813662
003 NLI
005 20210627054540.0
008 110331s1929 enk 000 1 eng
039 9 _y201103311730
_zDatasoft
040 0 _aNLI
_beng
_cRetro_DSC 1
_eAACR2
041 0 _aeng
044 _aenk
082 0 4 _a823.8
100 1 _aRowlands, Effie Adelaide
_9787553
245 1 2 _aA man from the west /
_cby Effie Adelaide Rowlands
260 _aLondon :
_bWard, Lock,
_c1929
300 _a128 p. ;
_c22 cm.
650 0 _aEnglish fiction
_9681213
710 2 _aAsutosh Collection (National Library, India)
887 _a
901 _a15214
_b19.07.1957
902 _aA.C 823.8 R 41
949 _AVIRTUAITEM
_D10000
_X100
_6GAC000015214ENG
942 _2ddc
_cBKS
999 _aVIRTUA40
_c662000
_d662000